|
|
|
|
| LEADER |
01001nam a2200277 4500 |
| 001 |
1599 |
| 003 |
BD-DhAAL |
| 005 |
20130903113931.0 |
| 008 |
130903s1974 njua 001 0 eng d |
| 010 |
|
|
|a 73016452
|
| 020 |
|
|
|a 0134800044
|
| 040 |
|
|
|a DLC
|c DLC
|d DLC
|d BD-DhAAL
|
| 050 |
0 |
0 |
|a QA76.5
|b .D46
|
| 082 |
0 |
0 |
|a 001.6/4
|
| 100 |
1 |
|
|a Dickey, Larry W.,
|d 1939-
|9 2909
|
| 245 |
1 |
0 |
|a Introduction to computer concepts: hardware and software
|c [by] Larry W. Dickey.
|
| 260 |
|
|
|a Englewood Cliffs, N.J.,
|b Prentice-Hall
|c c1974.
|
| 300 |
|
|
|a x, 342 p.
|b illus.
|c 24 cm.
|
| 350 |
|
|
|a $15.95
|
| 500 |
|
|
|a Includes index.
|
| 650 |
|
0 |
|a Electronic digital computers.
|9 1814
|
| 650 |
|
0 |
|a COBOL (Computer program language)
|9 2910
|
| 650 |
|
0 |
|a FORTRAN (Computer program language)
|9 2911
|
| 942 |
|
|
|2 ddc
|c BK
|
| 999 |
|
|
|c 13925
|d 13925
|
| 952 |
|
|
|0 0
|1 0
|2 ddc
|4 0
|6 001_640000000000000_DIC
|7 0
|9 23315
|a BRACUL
|b BRACUL
|c GEN
|d 2013-09-03
|g 0.00
|l 0
|o 001.64 DIC
|p 3010001599
|r 2013-09-03
|t 1
|w 2013-09-03
|y BK
|z Not price in Register
|